000 00676nam a2200229Ia 4500
001 937
003 GE_BSU
008 181216s||||||||xx |||||||||||||| ||und||
020 _a5829105381
040 _cGE_BSU
080 _a316.65.0(075.8)
100 _aКравченко,А.И.;Тюрина,И.О.
245 _aСоциология управления.Фундаментальный курс
245 _bУч-у пособ. для вузов
260 _aМосква
260 _bАкадемический проспект
260 _c2005
300 _a1136стр.
541 _h25л.
653 _aСоциология управления
942 _cBK
999 _c35096
_d35096